Epic the musical all songs - Statistics

General Stats
  • This quiz has been taken 1,290 times
    1,212 since last reset
  • The average score is 30 of 45
Answer Stats
Answer % Correct
The Horse and the Infant
97%
Full Speed Ahead
94%
Just a Man
94%
Open Arms
94%
Warrior of the Mind
93%
My Goodbye
90%
Storm
90%
Survive
90%
Remember Them
89%
Keep Your Friends Close
88%
Polyphemus
88%
Luck Runs Out
84%
Thunder Bringer
84%
Puppeteer
83%
Scylla
83%
Monster
82%
Suffering
82%
The Underworld
82%
Wouldn't You Like
82%
Done For
80%
God Games
80%
Legendary
80%
Little Wolf
80%
Mutiny
80%
No Longer You
80%
Different Beast
77%
There Are Other Ways
77%
Love in Paradise
75%
Dangerous
68%
Get in the Water
68%
Not Sorry For Loving You
62%
The Challenge
58%
Charybdis
56%
Hold Them Down
53%
600 Strike
47%
Would You Fall in Love with Me Again
46%
I Can't Help but Wonder
37%
King
25%
Ruthelessness
19%
Olive Tree
14%
Your Light
13%
Man of the House
11%
We'd Be Fine
11%
Ismarus
9%
Royal Wisdom Burst
4%
No matching quizzes found
Score Distribution
Percent of People with Each Score
Percentile by Number Answered
Your Score History
You have not taken this quiz since the last reset